| 000 | 00481nam a2200133Ia 4500 | ||
|---|---|---|---|
| 008 | 160809s9999 xx 000 0 und d | ||
| 100 | _aMuwaffaq, Izhihar A. | ||
| 245 | _aMLTDD : Use of Machine Learning Techniques for Diagnosis of Thyroid Gland Disorder | ||
| 245 | _cIzdihar A-muwaffaq and Zeki Bozkus, Kadir Has. | ||
| 260 | _bComputer Science and Information Technology | ||
| 260 | _cApril 2016 | ||
| 650 | _xINFORMATION TECHNOLOGY | ||
| 856 | _uhttp://airccse.org/V6N52.html | ||
| 999 |
_c300094 _d300094 |
||